Reconstrucción de la economía (Registro nro. 5431)
[ vista simple ]
| 000 -LEADER | |
|---|---|
| fixed length control field | 01477 a2200205 4500 |
| 001 - CONTROL NUMBER | |
| control field | 54261 |
| 005 - DATE AND TIME OF LATEST TRANSACTION | |
| control field | 20260407155813.0 |
| 008 - FIXED-LENGTH DATA ELEMENTS--GENERAL INFORMATION | |
| fixed length control field | 260407a1971 arg spa d |
| 003 - CONTROL NUMBER IDENTIFIER | |
| control field | AR-UNSa-BCEJYS |
| 040 ## - CATALOGING SOURCE | |
| Original cataloging agency | AR-UNSa-BCEJYS |
| Language of cataloging | spa |
| Transcribing agency | AR-UNSa-BCEJYS |
| 080 ## - UNIVERSAL DECIMAL CLASSIFICATION NUMBER | |
| Universal Decimal Classification number | 330.1 |
| Common auxiliary subdivision | Ciencia económica. Conceptos fundamentales de teoría económica. Valor. Capital. Fondos |
| 041 ## - LANGUAGE CODE | |
| Language code of text/sound track or separate title | spa |
| 100 1# - MAIN ENTRY--PERSONAL NAME | |
| Personal name | Boulding, Kenneth E. |
| 245 10 - TITLE STATEMENT | |
| Title | Reconstrucción de la economía |
| 264 #1 - PRODUCTION, PUBLICATION, DISTRIBUTION, MANUFACTURE, AND COPYRIGHT NOTICE | |
| Place of production, publication, distribution, manufacture | Buenos Aires : |
| Name of producer, publisher, distributor, manufacturer | El Ateneo |
| Date of production, publication, distribution, manufacture, or copyright notice | 1971 |
| 300 ## - PHYSICAL DESCRIPTION | |
| Extent | xii, 334 p. |
| Dimensions | 22 cm. |
| 505 ## - FORMATTED CONTENTS NOTE | |
| Formatted contents note | Parte I: Microeconomía - 1. Una introducción ecológica - 2. El individuo social y el organismo económico - 3. La teoría del organismo económico - 4. El comerciante en un mercado imperfecto - 5. La teoría general de la preferencia - 6. La teoría de la producción y del inventario - 7. Expectativas,juego y seguro - 8. La teoría del consumo - 9. El equilibrio de la producción y el consumo - Parte II: Macroeconomía - 10. La naturaleza y significación de los agregados económicos - 11. La estructura de los agregados macroeconómicos: I. Capital y renta - 12. La estrutura de los agregados macroeconómicos: II. La teoría de los pagos - 13. La teoría de la producción y el empleo - 14. Una teoría macroeconómica de la distribución - 15. Dinero,deuda e interés - 16. La economía del gobierno - 17. La teoría de la distribución de la renta |
| 590 ## - LOCAL NOTE (RLIN) | |
| Local note | niveau_biblio:m niveau_hierar:0 |
| 942 ## - ADDED ENTRY ELEMENTS (KOHA) | |
| Koha item type | |
| Withdrawn status | Lost status | Damaged status | Not for loan | Home library | Current library | Shelving location | Date acquired | Total checkouts | Full call number | Barcode | Date last seen | Price effective from | Koha item type |
|---|---|---|---|---|---|---|---|---|---|---|---|---|---|
| Biblioteca Prof. Eusebio Cleto del Rey | Biblioteca Prof. Eusebio Cleto del Rey | 07/04/2026 | 330.1 B763r | L33165 | 07/04/2026 | 07/04/2026 | Libro |